| 000 | 00865nam a22002658a 4500 | ||
|---|---|---|---|
| 005 | 20260322212012.0 | ||
| 008 | data | ||
| 010 | _a 84028921 | ||
| 020 | _a0669021849 (alk. paper) | ||
| 020 | _a9780669021844 (alk. paper) | ||
| 040 |
_dCLSU-l _dCLSU-l |
||
| 043 | _an-us-oh | ||
| 050 | 0 |
_aHV6025 _b.C593 1985 |
|
| 100 | 1 |
_aConrad, John Phillips, _d1913- |
|
| 245 | 1 | 4 |
_aThe dangerous and the endangered / _cJohn P. Conrad. |
| 260 | 0 |
_aLexington, Mass. : _bLexington Books, _cc1985. |
|
| 300 |
_axiv, 153 p. ; _c24 cm. |
||
| 504 | _aIncludes bibliographies and index. | ||
| 590 | _aIncludes bibliographies and index. | ||
| 650 | 0 | _aCriminal justice, Administration of. | |
| 650 | 0 |
_aViolent crimes _xPrevention. |
|
| 650 | 0 |
_aCriminal justice, Administration of _zColumbus. _zColumbus. |
|
| 650 | 0 |
_aViolent crimes _zColumbus _zColumbus _xPrevention. |
|
| 001 | data | ||
| 999 |
_c252 _d252 |
||